Podpora nájomného bývania v Slovenskej republike
Sociálne bývanie v Slovenskej republike. Podpora nájomného bývania na Slovensku.
Salvato in:
| Autore principale: | |
|---|---|
| Natura: | Capitolo di libro |
| Lingua: | slovacco |
| Tags: |
Nessun Tag, puoi essere il primo ad aggiungerne!!
|
MARC
| LEADER | 00000naa a2200000 4500 | ||
|---|---|---|---|
| 001 | 0258794 | ||
| 005 | 20240502074109.1 | ||
| 041 | 0 | |a slo | |
| 044 | |a SK | ||
| 245 | 1 | 0 | |a Podpora nájomného bývania v Slovenskej republike |c Peter Sika |
| 520 | |a Sociálne bývanie v Slovenskej republike. Podpora nájomného bývania na Slovensku. | ||
| 100 | 1 | |a Sika, Peter, 1975- | |